000 00590nam a2200193 a 4500
001 000028064
005 20240412074253.0
008 110406s1986 dr a 000 p spa d
040 _aDO-SdBNP
_bspa
_cBNPHU
082 _aRD861.44
_bN935t
100 1 _aNova, Ignacio
_955088
245 1 0 _aTic-tac :
_bpasajero en mi tiempo /
_cIgnacio Nova.
260 _aSanto Domingo :
_bBúho,
_c1986.
300 _a84 p. :
_bil. ;
_c21 cm.
590 _aInventariado, 2018/LP
650 0 _aPoesía dominicana
_966
650 0 _aLiteratura dominicana.
_967
910 _aValidado. Control de la calidad EMS.
999 _c27556
_d27556